| 000 | 00363nam a22001577a 4500 | ||
|---|---|---|---|
| 003 | SGT | ||
| 020 | _a9789388902748 | ||
| 082 |
_a611 _bH21C |
||
| 100 | _aCHAURASIA, BD | ||
| 245 | _aHUMAN ANATOMY : LOWER LIMB ABDOMEN & PELVIS VOLUME-II | ||
| 250 | _a8TH | ||
| 260 |
_aINDIA _bCBS PUB _c2021 |
||
| 300 | _a532 | ||
| 650 | _aHUMAN ANATOMY | ||
| 942 |
_2ddc _cBK _093 |
||
| 999 |
_c20995 _d20995 |
||